Solving Life Problems in Community Resources 1

Bibliographic Details
Main Author: Talbot, Marie M.
Format: Book
Language:English
Published: New York : Trafalgar House , c1980
Subjects:

MARC

LEADER 00000cam a2200000 7i4500
001 0000000742
005 20230524.0
008 991124 nyu eng
020 |a 007062643x (pbk) 
040 |a INS 
090 0 0 |a PV4501   |b .T138 1980 
100 1 |a Talbot, Marie M. 
245 1 0 |a Solving Life Problems in Community Resources 1   |c Marie M. Talbot 
260 |a New York :   |b Trafalgar House ,   |c c1980 
300 |a 144 p.   |a ill. ;   |c 28 cm. 
650 0 |a Social science   |x Study and teaching 
999 |a 0000002230   |b BOOK   |c Open Shelf   |e Default branch